000
00332nam a2200145Ia 4500
008
230718s9999 xx 000 0 und d
041
_a
Eng.
082
_a
343.54
_b
MAH-F
100
_a
Mahmood,Zahid
245
0
_a
Foregn exchange manual
260
_a
Pakistan
_b
National law
_c
2009
300
_a
574
650
_a
Law
999
_c
30384
_d
30384